Nilayude Theerangaliloode (Record no. 47746)

MARC details
000 -LEADER
fixed length control field 00412nam a2200133Ia 4500
008 - FIXED-LENGTH DATA ELEMENTS--GENERAL INFORMATION
fixed length control field 211109s9999||||xx |||||||||||||| ||und||
082 ## - DEWEY DECIMAL CLASSIFICATION NUMBER
Classification number 954.83
Item number ALA-N
100 ## - MAIN ENTRY--PERSONAL NAME
Personal name Alankode Leelakrishnan,
245 #0 - TITLE STATEMENT
Title Nilayude Theerangaliloode
260 ## - PUBLICATION, DISTRIBUTION, ETC.
Name of publisher, distributor, etc. From Fr Gregory Karikamparampil No 1006
Place of publication, distribution, etc. Endowment, Current B
Date of publication, distribution, etc. 1900
630 ## - SUBJECT ADDED ENTRY--UNIFORM TITLE
General subdivision GENERAL STACK
650 ## - SUBJECT ADDED ENTRY--TOPICAL TERM
Topical term or geographic name entry element History
942 ## - ADDED ENTRY ELEMENTS (KOHA)
Koha item type BOOK
650 ## - SUBJECT ADDED ENTRY--TOPICAL TERM
Form subdivision India
General subdivision KeralaNila River Kerala
Holdings
Withdrawn status Lost status Damaged status Not for loan Home library Current library Date acquired Total Checkouts Full call number Barcode Shelving location Date last seen Price effective from Koha item type
        SB LIBRARY SB LIBRARY 09/11/2021   954.83 ALA-N 00089831 GENERAL STACK 09/11/2021 09/11/2021 BOOK

Powered by Koha